书目信息 |
| 题名: |
劳动市场中的性别分析
|
|
| 作者: | 王震 著 | |
| 分册: | ||
| 出版信息: | 北京 经济管理出版社 2014.11 |
|
| 页数: | 222页 | |
| 开本: | 24cm | |
| 丛书名: | ||
| 单 册: | ||
| 中图分类: | F241.32 | |
| 科图分类: | ||
| 主题词: | 劳动力市场--lao dong li shi chang--性别差异--研究 , 劳动力市场--lao dong li shi chang , 性别差异--xing bie cha yi | |
| 电子资源: | ||
| ISBN: | 978-7-5096-3145-4 | |
| 000 | 01025nam0 22002651 450 | |
| 001 | 0116132751 | |
| 005 | 20161219101015.85 | |
| 010 | @a978-7-5096-3145-4@dCNY48.00 | |
| 100 | @a20141222d2014 em y0chiy0110 ea | |
| 101 | 0 | @achi |
| 102 | @aCN@b110000 | |
| 105 | @aak z 000yy | |
| 106 | @ar | |
| 200 | 1 | @a劳动市场中的性别分析@9lao dong shi chang zhong de xing bie fen xi@e理论、方法与实证研究@f王震著 |
| 210 | @a北京@c经济管理出版社@d2014.11 | |
| 215 | @a222页@c图@d24cm | |
| 300 | @a中国社会科学院创新工程学术出版资助项目 | |
| 330 | @a本书从经济思想史的角度考察了经济学中性别差异理论的思想发展脉络,对当前主流经济学性别差异的理论和实证研究方法进行了梳理。主要内容包括:绪论:经济学中的性别研究;劳动市场性别分析的相关理论等。 | |
| 606 | 0 | @a劳动力市场@9lao dong li shi chang@x性别差异@x研究 |
| 606 | 0 | @a劳动力市场@9lao dong li shi chang |
| 606 | 0 | @a性别差异@9xing bie cha yi |
| 690 | @aF241.32@v5 | |
| 701 | 0 | @a王震@9wang zhen@4著 |
| 801 | 0 | @aCN@bTANGWEI@c20161216 |
| 905 | @b0952904-8@dF241.32@e135@f5 | |
| 劳动市场中的性别分析:理论、方法与实证研究/王震著.-北京:经济管理出版社,2014.11 |
| 222页:图;24cm |
| 中国社会科学院创新工程学术出版资助项目 |
| ISBN 978-7-5096-3145-4:CNY48.00 |
| 本书从经济思想史的角度考察了经济学中性别差异理论的思想发展脉络,对当前主流经济学性别差异的理论和实证研究方法进行了梳理。主要内容包括:绪论:经济学中的性别研究;劳动市场性别分析的相关理论等。 |
| ● |
| 相关链接 |
|
|
|
|
正题名:劳动市场中的性别分析
索取号:F241.32/135
 
预约/预借
| 序号 | 登录号 | 条形码 | 馆藏地/架位号 | 状态 | 备注 |
| 1 | 0952904 | 209529045 | 第一样本阅览室/ [索取号:F241.32/135] | 在馆 | |
| 2 | 0952905 | 209529054 | 第一借阅区/ [索取号:F241.32/135] | 在馆 | |
| 3 | 0952906 | 209529063 | 第一借阅区/ [索取号:F241.32/135] | 在馆 | |
| 4 | 0952907 | 209529072 | 第一借阅区/ [索取号:F241.32/135] | 在馆 | |
| 5 | 0952908 | 209529081 | 第一借阅区/ [索取号:F241.32/135] | 在馆 |